Statistics for Železniční stanice v Moravskoslezském kraji

Click here to take the quiz!

General Stats

  • This quiz has been taken 22 times
  • The average score is 65 of 172

Answer Stats

OkresNázev stanice% Correct
Nový JičínNový Jičín město
100%
Frýdek-MístekFrýdek-Místek
89%
OpavaOpava zastávka
89%
KarvináČeský Těšín
83%
KarvináKarviná hlavní nádraží
83%
Ostrava-městoOstrava hlavní nádraží
83%
Ostrava-městoOstrava-Kunčice
83%
Ostrava-městoOstrava střed
83%
Ostrava-městoOstrava-Vítkovice
83%
KarvináBohumín
78%
BruntálBruntál
78%
KarvináHavířov
78%
Ostrava-městoOstrava-Svinov
78%
KarvináAlbrechtice u Českého Těšína
67%
Nový JičínFrenštát pod Radhoštěm
67%
Nový JičínFrenštát pod Radhoštěm město
67%
Frýdek-MístekFrýdlant nad Ostravicí
67%
Frýdek-MístekFrýdlant nad Ostravicí-Nová Dědina
67%
Frýdek-MístekFrýdlant nad Ostravicí zastávka
67%
BruntálKrnov
67%
OpavaOpava východ
67%
Frýdek-MístekTřinec
67%
Ostrava-městoVratimov
67%
KarvináChotěbuz
61%
KarvináDětmarovice
61%
OpavaHradec nad Moravicí
61%
Frýdek-MístekMosty u Jablunkova
61%
Frýdek-MístekMosty u Jablunkova zastávka
61%
Nový JičínOdry
61%
Ostrava-městoOstrava-Kunčičky
61%
Ostrava-městoOstrava-Stodolní
61%
Ostrava-městoOstrava-Třebovice
61%
Frýdek-MístekOstravice zastávka
61%
Frýdek-MístekPaskov
61%
Ostrava-městoŠenov
61%
Nový JičínSuchdol nad Odrou
61%
Nový JičínVeřovice
61%
OpavaVítkov
61%
Frýdek-MístekBaška
56%
Frýdek-MístekČeladná
56%
OpavaDěhylov
56%
KarvináDolní Lutyně
56%
OpavaHáj ve Slezsku
56%
OpavaHlučín
56%
Nový JičínJistebník
56%
Frýdek-MístekLískovec u Frýdku
56%
Frýdek-MístekNávsí
56%
OpavaOpava západ
56%
BruntálOsoblaha
56%
Frýdek-MístekOstravice
56%
Nový JičínStudénka
56%
Nový JičínStudénka město
56%
Nový JičínFulnek
50%
Frýdek-MístekHnojník
50%
Frýdek-MístekKunčice pod Ondřejníkem
50%
OpavaKylešovice
50%
Ostrava-městoOstrava-Mariánské Hory
50%
Ostrava-městoPolanka nad Odrou
50%
Nový JičínPříbor
50%
Frýdek-MístekPržno
50%
Frýdek-MístekVendryně
50%
Nový JičínBílovec
44%
Frýdek-MístekBystřice
44%
Frýdek-MístekDobrá u Frýdku-Místku
44%
OpavaDolní Benešov
44%
OpavaDolní Benešov-Zábřeh
44%
KarvináHavířov-Suchá
44%
Nový JičínKopřivnice
44%
Nový JičínKopřivnice zastávka
44%
KarvináLouky nad Olší
44%
BruntálMěsto Albrechtice
44%
KarvináPetrovice u Karviné
44%
OpavaBranka u Opavy
39%
KarvináHorní Suchá
39%
OpavaOpava-Komárov
39%
Ostrava-městoOstrava-Bartovice
39%
Nový JičínŠtramberk
39%
BruntálTřemešná ve Slezsku
39%
OpavaVelké Hoštice
39%
OpavaBudišov nad Budišovkou
33%
KarvináHavířov střed
33%
Nový JičínHladké Životice
33%
Nový JičínHladké Životice místní nádraží
33%
OpavaHolasovice
33%
Nový JičínJakubčovice nad Odrou
33%
Nový JičínJeseník nad Odrou
33%
OpavaKozmice
33%
OpavaKravaře ve Slezsku
33%
BruntálKrnov-Cvilín
33%
BruntálMalá Morávka
33%
OpavaMalé Hoštice
33%
OpavaMokré Lazce
33%
Nový JičínMošnov,Ostrava Airport
33%
Frýdek-MístekRopice
33%
Frýdek-MístekRopice-Zálesí
33%
Frýdek-MístekRopice zastávka
33%
BruntálSlezské Rudoltice
33%
BruntálSvětlá Hora
33%
BruntálVrbno pod Pradědem
33%
BruntálVrbno pod Pradědem zastávka
33%
OpavaChuchelná
28%
Nový JičínHostašovice
28%
OpavaJilešovice
28%
OpavaKravaře-Kouty
28%
BruntálMilotice nad Opavou
28%
Nový JičínMořkov hlavní trať
28%
BruntálRýmařov
28%
OpavaŠtítina
28%
Frýdek-MístekTřinec centrum
28%
KarvináZávada
28%
Frýdek-MístekBocanovice
22%
BruntálBřidličná
22%
BruntálBřidličná lesy
22%
BruntálBřidličná zastávka
22%
BruntálDětřichov nad Bystřicí
22%
Frýdek-MístekDobratice pod Prašivou
22%
Nový JičínHeřmánky
22%
Frýdek-MístekHrádek
22%
BruntálJindřichov ve Slezsku
22%
OpavaLhota u Opavy
22%
OpavaLitultovice
22%
OpavaOtice
22%
Nový JičínŠenov u Nového Jičína
22%
OpavaSkrochovice
22%
BruntálSvobodné Heřmanice
22%
Frýdek-MístekTřinec-Konská
22%
BruntálValšov
22%
Nový JičínVelké Albrechtice
22%
Nový JičínŽenklava
22%
BruntálAmalín
17%
KarvináDoubrava
17%
Frýdek-MístekHorní Tošanovice
17%
BruntálKrásné Loučky
17%
Nový JičínMankovice
17%
Nový JičínOdry-Loučky
17%
Nový JičínSedlnice
17%
Nový JičínSkotnice
17%
OpavaŠtěpánkovice
17%
Frýdek-MístekStřítež u Českého Těšína
17%
BruntálÚvalno
17%
OpavaVávrovice
17%
BruntálZátor
17%
BruntálBohušov
11%
OpavaBolatice
11%
OpavaKlokočov
11%
BruntálLiptaň
11%
BruntálLomnice u Rýmařova
11%
BruntálNové Heřminovy
11%
OpavaSlavkov u Opavy
11%
Nový JičínStachovice
11%
OpavaSvatoňovice
11%
BruntálBrantice
6%
BruntálDívčí Hrad
6%
BruntálHorní Povelice
6%
OpavaJakartovice
6%
BruntálJamartice
6%
BruntálKarlovice zastávka
6%
KarvináKoukolná
6%
BruntálKunov
6%
OpavaMladecko
6%
BruntálRudná pod Pradědem
6%
BruntálRudná pod Pradědem zastávka
6%
BruntálŠiroká Niva
6%
BruntálVelká Štáhle
6%
OpavaČermná ve Slezsku
0%
OpavaDolní Životice
0%
BruntálKarlovice
0%
BruntálKoberno
0%
BruntálLinhartovy
0%
BruntálPocheň
0%
BruntálSkrbovice
0%
OpavaŠtáblovice
0%

Score Distribution

Percentile by Number Answered

Percent of People with Each Score

Your Score History

You have not taken this quiz